00611nam a2200205Ia 450000500170000000800410001702000230005804000190008104100120010008200150011210000230012724500600015025000180021026000540022830000410028250400280032365000190035170000250037085000100039520230503145459.0131103s9999 xx 000 0 und d a812032921XcRs 350 aLoreto College aEnglish a338.5bPIN aPindyck, Robert S. aMicroeconomics cRobert S. Pindyck, Daniel L. Rubinfeld aSixth Edition aNew DelhibPrentice Hall of India Pvt. Ltd.c2006 axxviii,720pb graphs, charts, tables aEastern Economy Edition aMicroeconomics aRubinfeld, Daniel L. aLCLIB